| 000 | 00000nam##2200000za#4500 |
| 001 | 9.578179 |
| 003 | CaOODSP |
| 005 | 20210624185950 |
| 007 | cr ||||||||||| |
| 008 | 150406|1985||||xxc|||||o f|0| 0 eng|d |
| 022 | |a1488-5379 |
| 040 | |aCaOODSP|beng |
| 043 | |an-cn--- |
| 086 | 1 |aFs97-6/1392E-PDF |
| 110 | 1 |aCanada. |bDepartment of Fisheries and Oceans. |
| 245 | 10|aVariations in abundance of larval anisakies, sealworm (Pseudoterranova decipiens) and related species, in eastern Canadian cod and flatfish / |h[electronic resource]|cby G. MCClelland, R.K. Misra and D.J. Martell. |
| 260 | |aHalifax - Nova Scotia : |bFisheries and Oceans Canada |c1985. |
| 300 | |a70p.|bfigs., references, tables |
| 490 | 1 |aCanadian technical report of fisheries and aquatic sciences|x1488-5379|vNo. 1392 |
| 500 | |aOn t.p.: Fisheries Research Branch, Halifax, Nova Scotia. The catalogue number and ISSN for the print edition appear in the PDF version. |
| 546 | |a(Résumé en français) |
| 590 | |a13-28-Supp|b2013-12-09 |
| 720 | 1 |aMcClelland, G. |
| 720 | 1 |aMartell, D. J. |
| 720 | 1 |aMisra, R. K. |
| 830 | #0|aCanadian technical report of fisheries and aquatic sciences,|x1488-5379|vNo. 1392|w(CaOODSP)9.504449 |
| 856 | 40|ahttp://publications.gc.ca|qPDF|s2987 KB|uhttps://publications.gc.ca/collections/collection_2013/mpo-dfo/Fs97-6-1392-eng.pdf|yNo. 1392 |